| 000 | 00448nam a2200181Ia 4500 | ||
|---|---|---|---|
| 003 | GCL | ||
| 008 | 140319s9999 xx 000 0 eng d | ||
| 040 |
_aGCL / _cGCL |
||
| 082 | 0 | 4 |
_a728.8 _bS W |
| 100 | 1 | _aSUNSET BOOKS | |
| 245 | 1 | 0 |
_aWESTERN LIVING / _cSUNSET BOOKS |
| 260 |
_a[S.N] : _bSUNSET PUBLISHING CARPANATION ، _c1995 |
||
| 300 | _a224 P | ||
| 650 | 0 | 4 | _aARCHITECTURE |
| 650 | 0 | 4 | _aHOUSES |
| 650 | 0 | 4 | _aHOUSE PLANS |
| 942 |
_2ddc _cBK |
||
| 999 |
_c14054 _d14054 |
||